Normal view MARC view
  • Pueblos indígenas

Entry Materia

Number of records used in: 41

001 - NÚMERO DE CONTROL DEL REGISTRO

  • campo de control: 14985

003 - IDENTIFICADOR DE NUMERO DE CONTROL

  • campo de control: UPN

005 - FECHA Y HORA DE LA ÚLTIMA TRANSACCIÓN

  • campo de control: 20221122151454.0

008 - DATOS DE LONGITUD FIJA

  • campo de control de longitud fija: 221122n||acnnnbabn | ana |d

035 ## - NÚMERO DE CONTROL DEL SISTEMA

  • Número de control del sistema: UPN10000014993

040 ## - FUENTE DE LA CATALOGACIÓN

  • Centro catalogador de origen: MX-MxUPN
  • Lengua de catalogación: spa
  • Agencia de transcripción: MX-MxUPN

046 ## - FECHAS CON CODIFICACIÓN ESPECIAL

  • Fecha final para contenidos agregados: 2022

150 ## - ENCABEZAMIENTO - TEMÁTICO

  • Término de materia o nombre geográfico como elemento inicial: Pueblos indígenas

450 ## - VÉASE - MATERIA

  • Encabezamiento temático: Pueblos aborígenes

450 ## - VÉASE - MATERIA

  • Encabezamiento temático: Aborígenes

450 ## - VÉASE - MATERIA

  • Encabezamiento temático: Poblaciones indígenas

450 ## - VÉASE - MATERIA

  • Encabezamiento temático: Pueblos nativos

450 ## - VÉASE - MATERIA

  • Encabezamiento temático: Comunidades indígenas

450 ## - VÉASE - MATERIA

  • Encabezamiento temático: Grupos nativos

450 ## - VÉASE - MATERIA

  • Encabezamiento temático: Comunidades indígenas

550 ## - VÉASE ADEMÁS - MATERIA

  • Subcampo de control: g
  • Encabezamiento temático o nombre geográfico como elemento de entrada: Etnología

670 ## - FUENTE EN LA QUE SE LOCALIZARON DATOS

  • Cita de la fuente: LC
  • Información localizada: Indigenous peoples

902 ## - CATALOGADOR

  • Catalogador: MMA/190803